000 00437nam a2200121Ia 4500
008 220616s9999||||xx |||||||||||||| ||und||
100 _aMabrouk, Anouar Ben||Arfaoui, Sabrine||Rezgui, Imen
245 0 _aWavelet Analysis on the Sphere
_bSpheroidal Wavelets
546 _aEnglish[eng]
650 _aMathematics||Mathematical Analysis
856 _uhttps://library.oapen.org/bitstream/20.500.12657/43808/1/external_content.pdf
942 _cEB
999 _c19811
_d19811